Minuta de carta del Obispo de Puebla al Inquisidor, General sobre los problemas por la canonjía suprimida

Detalles Bibliográficos
Formato: Libro
Publicado: Puebla de los Ángeles, 1691
Materias:
Colección:Banco de datos
Acervo:Biblioteca Palafoxiana. Colección de Manuscritos
Descripción Física:2 f. ; 31 x 21 cm.
Tema general:Eclesiástica
LEADER 00430nam a22001330004500
035 |a 1655 
245 1 0 |a Minuta de carta del Obispo de Puebla al Inquisidor, General sobre los problemas por la canonjía suprimida 
260 |a Puebla de los Ángeles, 1691 
300 |a 2 f. ; 31 x 21 cm. 
650 1 0 |a Eclesiástica 
949 |a 32282/076 
942 |c PALAMANU 
943 |g Biblioteca Palafoxiana. Colección de Manuscritos 
999 |c 1069600  |d 1069600